000
00287nam a2200121Ia 4500
008
220204s9999 xx 000 0 und d
082
_b
VAN
100
_a
Vanmala Desai
245
0
_a
100 easy to make gujarati dishes
260
_a
New Delhi
_b
Vikas
_c
1979
700
_a
Veena
942
_c
BK
999
_c
32105
_d
32105